000 005330000a22001810004500
003 MACL
005 20160324171042.0
008 160324b xxu||||| |||| 00| 0 eng d
040 _aMACL
_cMACL
041 _aHindi
082 _a150
100 _aसिगमंड फ्रायड
_948476
245 _aफ्रायड मनोविश्‍लेषण
260 _aदिल्‍ली
_bराजपाल एण्‍ड संस
_c2011
350 _a250
650 _aPsychology
_948477
942 _cHIN
_k150
_2ddc
999 _c47470
_d47470